| 000 | 00378nam a22001217a 4500 | ||
|---|---|---|---|
| 003 | NUST | ||
| 082 |
_a344.0095491 _bPLC |
||
| 245 |
_aPakistan Labour Cases 1982 / _cFounded by Malik Mir Muhammad and Edited by Kazi Muhammad Ashraf et all |
||
| 260 |
_aLahore : _bPLD Publishers, _c1982. |
||
| 300 |
_aVol: 1. 1102 and Vol: 2. 808 p. ; _c23cm. |
||
| 563 | _aHB. | ||
| 942 |
_2ddc _cCR _s1 |
||
| 999 |
_c595157 _d595157 |
||